书目信息 |
| 题名: |
写字等级考试辅导字帖 第三册 毛笔正楷行楷
|
|
| 作者: | 钱沛云 著 | |
| 分册: | ||
| 出版信息: | 上海 上海科学技术文献出版社 1997.12 |
|
| 页数: | 200页 | |
| 开本: | 32开 | |
| 丛书名: | ||
| 单 册: | ||
| 中图分类: | J29 | |
| 科图分类: | ||
| 主题词: | 书法 , 篆刻 | |
| 电子资源: | ||
| ISBN: | 7-5439-1197-3 | |
| 000 | 00634nam0 2200205 45 | |
| 001 | 0008090935 | |
| 005 | 20000809092641.6 | |
| 010 | @a7-5439-1197-3@d8.50元 | |
| 100 | @a20000809d1997 km y0chiy0120 ea | |
| 101 | 0 | @achi |
| 105 | @a z 000yy | |
| 200 | 1 | @a写字等级考试辅导字帖 第三册 毛笔正楷行楷@AXie Zi Deng Ji Kao Shi Fu Dao Zi Tie Di San Ce Mao Bi Zheng Kai Xing Kai@f钱沛云著@FQian Pei Yun Zhu |
| 210 | @a上海@c上海科学技术文献出版社@d1997.12 | |
| 215 | @a200页@d32开 | |
| 606 | 0 | @a书法 |
| 606 | 0 | @a篆刻 |
| 690 | @aJ29@v3 | |
| 701 | 0 | @a钱沛云@4著 |
| 801 | @aCN@bPftUser@c20000809 | |
| 905 | @b94190-194@dJ29@eQ921:3@f5 | |
| 写字等级考试辅导字帖 第三册 毛笔正楷行楷/钱沛云著.-上海:上海科学技术文献出版社,1997.12 |
| 200页;32开 |
| ISBN 7-5439-1197-3:8.50元 |
| ● |
| 相关链接 |
|
|
|
正题名:写字等级考试辅导字帖第三册毛笔正楷行楷
索取号:J29/Q921:3
 
预约/预借
| 序号 | 登录号 | 条形码 | 馆藏地/架位号 | 状态 | 备注 |
| 1 | 94190 | 200941909 | 自科二线404/404自科库 11排5列1层/ [索取号:J29/Q921:3] | 在馆 | |
| 2 | 94191 | 200941918 | 自科二线404/309社科库 78排3列4层/ [索取号:J29/Q921:3] | 在馆 | |
| 3 | 94192 | 200941927 | 社科库309/ [索取号:J29/Q921:3] | 在馆 | |
| 4 | 94193 | 200941936 | 社科库309/309社科库 78排3列4层/ [索取号:J29/Q921:3] | 在馆 | |
| 5 | 94194 | 200941945 | 社科库309/ [索取号:J29/Q921:3] | 在馆 |